| 000 | 00985na a2200289 4500 | ||
|---|---|---|---|
| 001 | 13721 | ||
| 003 | MIRAKIL | ||
| 005 | 20181213154831.0 | ||
| 008 | 161102b tu 000 0 | ||
| 020 | _a9789944252041 | ||
| 035 | _a13721 | ||
| 040 |
_aMilas _btur _cTR-AnCHP |
||
| 082 |
_a304.6 _bT96 2007 |
||
| 090 | _a304.6 T96 2007 | ||
| 245 |
_aTürkiye için nüfus ve kalkınma stratejileri ve bazı politika önerileri _ceditör; Belma T. Akşit |
||
| 260 |
_aAnkara _bTürkiye Bilimler Akademisi _c2007 |
||
| 300 |
_a248 s. _btbl. _c28 sm. |
||
| 490 |
_aTürkiye Bilimler Akademisi raporları _v16 |
||
| 610 |
_aTürkiye Bilimler Akademisi (TÜBA) _xRaporlar |
||
| 650 |
_aDemografik geçiş _zTürkiye |
||
| 650 |
_aNüfus araştırması _xRaporlar _zTürkiye |
||
| 650 |
_aNüfus politikaları _xTürkiye |
||
| 651 |
_aTürkiye _xSosyo ekonomik kalkınma politikaları |
||
| 700 | _aAkşit, Belma T. | ||
| 710 | _aTürkiye Bilimler Akademisi (TÜBA) | ||
| 942 |
_2ddc _cBKS |
||
| 999 |
_c1667 _d1667 |
||